[Event "Hradec Kralove Region-chT 2223"]
[Site "Czech Republic"]
[Date "2023.04.02"]
[Round "11.2"]
[White "Cerha, Michal"]
[Black "Rusnak, Jan"]
[Result "0-1"]
[WhiteElo "1979"]
[BlackElo "1982"]
[PlyCount "52"]
[EventDate "2022.10.09"]
[EventType "team-tourn"]
[EventRounds "11"]
[EventCountry "CZE"]
[SourceTitle "EXT 2024"]
[Source "ChessBase"]
[SourceDate "2023.10.10"]
[SourceVersion "1"]
[SourceVersionDate "2023.10.10"]
[SourceQuality "1"]

1. d4 e5 2. dxe5 d6 3. Bf4 Nc6 4. exd6 Qf6 5. Bd2 Bxd6 6. Nc3 Bf5 7. e4 Qe7 8. Qe2 Bg6 9. 0-0-0 0-0-0 10. f3 Nf6 11. Nh3 Nd7 12. Nf4 Nb6 13. Ncd5 Nxd5 14. Nxd5 Qe6 15. Qf2 f5 16. Bc4 Qd7 17. Bg5 Rde8 18. exf5 Qxf5 19. Be3 Na5 20. g4 Qd7 21. Bd3 Bxd3 22. Rxd3 Nc4 23. Bd4 Qb5 24. Bc3 c6 25. Bxg7 cxd5 26. Qxa7 Bc5 0-1

[Event "Hradec Kralove Region-chT 2223"]
[Site "Czech Republic"]
[Date "2023.02.12"]
[Round "8.3"]
[White "Cerha, Michal"]
[Black "Vanek, Tomas1"]
[Result "1-0"]
[WhiteElo "1979"]
[BlackElo "1864"]
[PlyCount "53"]
[EventDate "2022.10.09"]
[EventType "team-tourn"]
[EventRounds "11"]
[EventCountry "CZE"]
[SourceTitle "EXT 2024"]
[Source "ChessBase"]
[SourceDate "2023.10.10"]
[SourceVersion "1"]
[SourceVersionDate "2023.10.10"]
[SourceQuality "1"]

1. d4 Nf6 2. Bf4 d5 3. e3 e6 4. Bd3 Bd6 5. Bg3 0-0 6. Nf3 Nbd7 7. Nbd2 Qe7 8. Ne5 g6 9. f4 Nh5 10. Qe2 c5 11. c3 b6 12. Ndf3 Nxe5 13. dxe5 Bc7 14. Bh4 Qe8 15. g4 Ng7 16. Bf6 Bd8 17. h4 c4 18. Bc2 Qb5 19. h5 Qxb2 20. Kd2 Bxf6 21. hxg6 fxg6 22. Qh2 d4 23. Qxh7+ Kf7 24. Qxg6+ Ke7 25. exf6+ Rxf6 26. Qxg7+ Rf7 27. Qg5+ 1-0

[Event "Hradec Kralove Region-chT 2223"]
[Site "Czech Republic"]
[Date "2022.10.09"]
[Round "1.4"]
[White "Pinkava, Josef"]
[Black "Cerha, Michal"]
[Result "1-0"]
[WhiteElo "1888"]
[BlackElo "1979"]
[PlyCount "47"]
[EventDate "2022.10.09"]
[EventType "team-tourn"]
[EventRounds "11"]
[EventCountry "CZE"]
[SourceTitle "EXT 2024"]
[Source "ChessBase"]
[SourceDate "2023.10.10"]
[SourceVersion "1"]
[SourceVersionDate "2023.10.10"]
[SourceQuality "1"]

1. e4 c5 2. Nf3 d6 3. c4 Nc6 4. d4 cxd4 5. Nxd4 Qb6 6. Nb3 Nf6 7. Nc3 g6 8. Be3 Qd8 9. f3 Bg7 10. Rc1 0-0 11. Qd2 b6 12. Be2 Bb7 13. 0-0 Rc8 14. Nd4 Qd7 15. b3 Rfd8 16. Rfd1 Qe8 17. Ndb5 Qd7 18. Nd5 Qe8 19. a4 Na5 20. Qa2 Bxd5 21. exd5 e6 22. Nxa7 exd5 23. Bxb6 Nb7 24. Nxc8 1-0

[Event "CZE-chT2D 1920"]
[Site "Czech Republic"]
[Date "2019.12.01"]
[Round "4.5"]
[White "Cerha, Michal"]
[Black "Vesely, Vitek"]
[Result "0-1"]
[WhiteElo "2030"]
[BlackElo "2078"]
[PlyCount "64"]
[EventDate "2019.10.13"]
[EventType "team-tourn"]
[EventRounds "11"]
[EventCountry "CZE"]
[SourceTitle "EXT 2024"]
[Source "ChessBase"]
[SourceDate "2023.10.10"]
[SourceVersion "1"]
[SourceVersionDate "2023.10.10"]
[SourceQuality "1"]
[WhiteTeam "Nachod Snezka"]
[BlackTeam "Chotebor"]
[WhiteTeamCountry "CZE"]
[BlackTeamCountry "CZE"]

1. e4 c5 2. Bc4 g6 3. Nf3 Bg7 4. h4 h5 5. c3 e6 6. Qe2 Nc6 7. Bb3 Nge7 8. d3 d5 9. Bg5 d4 10. e5 Qc7 11. cxd4 cxd4 12. Nbd2 Nxe5 13. Nxd4 Qd7 14. N2f3 Nxf3+ 15. Nxf3 0-0 16. 0-0 Nc6 17. Rac1 Nd4 18. Nxd4 Qxd4 19. Rc4 Qxb2 20. Qxb2 Bxb2 21. Be7 Re8 22. Rc7 Be5 23. Rfc1 Bxc7 24. Rxc7 b5 25. g4 hxg4 26. Bf6 Rb8 27. h5 gxh5 28. d4 Bb7 29. Rc5 Bd5 30. Bxd5 exd5 31. Rxd5 Kh7 32. Rd7 Kg6 0-1

[Event "CZE-chT2D 1718"]
[Site "Czech Republic"]
[Date "2017.12.17"]
[Round "5.5"]
[White "Cerha, Michal"]
[Black "Chytil, Petr"]
[Result "0-1"]
[WhiteElo "2048"]
[BlackElo "1926"]
[PlyCount "50"]
[EventDate "2017.10.15"]
[EventType "team-tourn"]
[EventRounds "11"]
[EventCountry "CZE"]
[SourceTitle "EXT 2022"]
[Source "ChessBase"]
[SourceDate "2021.10.06"]
[SourceVersion "1"]
[SourceVersionDate "2021.10.06"]
[SourceQuality "1"]
[WhiteTeam "Nachod"]
[BlackTeam "Velke Losiny"]
[WhiteTeamCountry "CZE"]
[BlackTeamCountry "CZE"]

1. e4 e6 2. d4 d5 3. Nd2 Nf6 4. e5 Nfd7 5. Bd3 c5 6. c3 Nc6 7. Ngf3 Qb6 8. 0-0 cxd4 9. cxd4 Nxd4 10. Nxd4 Qxd4 11. Nf3 Qb6 12. Qa4 Be7 13. Qg4 g6 14. Bh6 Rg8 15. Rac1 Qxb2 16. Rc2 Qb4 17. Qh3 Nc5 18. Bd2 Qa4 19. Qxh7 Rf8 20. Bxg6 fxg6 21. Qxg6+ Kd8 22. Bg5 b6 23. Qg7 Qe8 24. Nd4 Bd7 25. h4 Qf7 0-1

[Event "CZE-chT2D 1718"]
[Site "Czech Republic"]
[Date "2017.11.05"]
[Round "2.7"]
[White "Jun, Rudolf Jr"]
[Black "Cerha, Michal"]
[Result "1-0"]
[WhiteElo "1872"]
[BlackElo "2048"]
[PlyCount "53"]
[EventDate "2017.10.15"]
[EventType "team-tourn"]
[EventRounds "11"]
[EventCountry "CZE"]
[SourceTitle "EXT 2022"]
[Source "ChessBase"]
[SourceDate "2021.10.06"]
[SourceVersion "1"]
[SourceVersionDate "2021.10.06"]
[SourceQuality "1"]
[WhiteTeam "Chotebor"]
[BlackTeam "Nachod"]
[WhiteTeamCountry "CZE"]
[BlackTeamCountry "CZE"]

1. e4 c5 2. c4 Nc6 3. Nf3 d6 4. Nc3 g6 5. d4 cxd4 6. Nxd4 Bg7 7. Be3 Nf6 8. Be2 0-0 9. 0-0 Bd7 10. f3 Rc8 11. Qe1 a6 12. Qf2 Ne5 13. b3 b5 14. Nd5 bxc4 15. Rac1 Nxd5 16. exd5 cxb3 17. axb3 Qa5 18. f4 Ng4 19. Bxg4 Bxg4 20. Nc6 Qc7 21. Qh4 Qd7 22. Nxe7+ Kh8 23. Nxc8 Rxc8 24. Rc6 Re8 25. Bb6 Bf5 26. Re1 Be4 27. Qf2 1-0

[Event "CZE-chT2D 1718"]
[Site "Czech Republic"]
[Date "2017.10.15"]
[Round "1.6"]
[White "Cerha, Michal"]
[Black "Houska, Bronislav"]
[Result "1/2-1/2"]
[WhiteElo "2048"]
[BlackElo "2032"]
[PlyCount "78"]
[EventDate "2017.10.15"]
[EventType "team-tourn"]
[EventRounds "11"]
[EventCountry "CZE"]
[SourceTitle "EXT 2022"]
[Source "ChessBase"]
[SourceDate "2021.10.06"]
[SourceVersion "1"]
[SourceVersionDate "2021.10.06"]
[SourceQuality "1"]
[WhiteTeam "Nachod"]
[BlackTeam "Policka Stefanydes"]
[WhiteTeamCountry "CZE"]
[BlackTeamCountry "CZE"]

1. e4 d6 2. d4 Nf6 3. Nc3 g6 4. Be3 Bg7 5. f3 0-0 6. Qd2 e5 7. dxe5 dxe5 8. 0-0-0 Qxd2+ 9. Rxd2 c6 10. Bc4 Re8 11. Nge2 Nbd7 12. Rhd1 Bf8 13. g4 Bc5 14. Bh6 Nf8 15. Rd8 Rxd8 16. Rxd8 Be7 17. Rd1 Ne6 18. Ng3 Nd4 19. Rd3 b5 20. Bb3 Ba6 21. Nce2 Nxe2+ 22. Nxe2 c5 23. Bd5 Rd8 24. Bc6 Rc8 25. Bd5 b4 26. Rd2 Nxd5 27. exd5 Rd8 28. Ng3 Bc4 29. d6 Rxd6 30. Rxd6 Bxd6 31. Ne4 Be7 32. Be3 Be2 33. Nxc5 a5 34. Nd3 f6 35. Bb6 a4 36. Bc5 Bxc5 37. Nxc5 Bxf3 38. Nd7 Kf7 39. g5 Bc6 1/2-1/2

[Event "CZE-chT2D 1213"]
[Site "Czech Republic"]
[Date "2012.12.16"]
[Round "5.4"]
[White "Neoral, Antonin"]
[Black "Cerha, Michal"]
[Result "1-0"]
[WhiteElo "2171"]
[BlackElo "2082"]
[PlyCount "89"]
[EventDate "2012.10.14"]
[EventType "team-tourn"]
[EventRounds "11"]
[EventCountry "CZE"]
[SourceTitle "EXT 2016"]
[Source "ChessBase"]
[SourceDate "2015.10.08"]
[SourceVersion "1"]
[SourceVersionDate "2015.10.08"]
[SourceQuality "1"]
[WhiteTeam "Olomouc Garde"]
[BlackTeam "Nachod"]
[WhiteTeamCountry "CZE"]
[BlackTeamCountry "CZE"]

1. e4 c5 2. Nf3 Nc6 3. Bb5 d6 4. 0-0 Bd7 5. c3 Nf6 6. Re1 e6 7. d4 Be7 8. a4 0-0 9. d5 Nb8 10. Bxd7 Qxd7 11. c4 e5 12. Nc3 Na6 13. Nd2 Nb4 14. Nf1 Qg4 15. f3 Qd7 16. Ng3 g6 17. Bh6 Rfe8 18. Qd2 Bf8 19. Bg5 Bg7 20. Rf1 a6 21. Rae1 Rf8 22. h3 Ne8 23. Be3 Bf6 24. f4 Ng7 25. Rf3 exf4 26. Bxf4 Rae8 27. Ref1 Bd4+ 28. Kh1 Be5 29. Bh6 Bxg3 30. Rxg3 f5 31. Rgf3 fxe4 32. Rxf8+ Rxf8 33. Rxf8+ Kxf8 34. Qf4+ Kg8 35. Bxg7 Kxg7 36. Nxe4 Nd3 37. Qf6+ Kg8 38. Qc3 Qxa4 39. Qxd3 Qa1+ 40. Kh2 Qxb2 41. Nxd6 a5 42. Qe4 a4 43. Qe6+ Kg7 44. Ne8+ Kf8 45. d6 1-0

[Event "CZE-chT2D 1213"]
[Site "Czech Republic"]
[Date "2012.12.02"]
[Round "4.4"]
[White "Cerha, Michal"]
[Black "Kourek, Josef"]
[Result "1-0"]
[WhiteElo "2082"]
[BlackElo "2133"]
[PlyCount "113"]
[EventDate "2012.10.14"]
[EventType "team-tourn"]
[EventRounds "11"]
[EventCountry "CZE"]
[SourceTitle "EXT 2016"]
[Source "ChessBase"]
[SourceDate "2015.10.08"]
[SourceVersion "1"]
[SourceVersionDate "2015.10.08"]
[SourceQuality "1"]
[WhiteTeam "Nachod"]
[BlackTeam "Polabiny III"]
[WhiteTeamCountry "CZE"]
[BlackTeamCountry "CZE"]

1. e4 c5 2. Nf3 d6 3. d4 cxd4 4. Nxd4 Nf6 5. Nc3 g6 6. Bg5 Bg7 7. Qd2 Nc6 8. Nxc6 bxc6 9. Bh6 Bxh6 10. Qxh6 Qa5 11. Bd3 Rg8 12. Qd2 Rb8 13. Rb1 g5 14. 0-0 Nh5 15. Rfe1 Qe5 16. b4 Rg6 17. b5 c5 18. b6 axb6 19. Nd5 Nf4 20. Nxb6 Rh6 21. g3 Nxd3 22. Qxd3 Qe6 23. Qb5+ Kf8 24. Nd7+ Bxd7 25. Qxb8+ Kg7 26. Qb2+ f6 27. Qc3 Qh3 28. Qf3 Qxh2+ 29. Kf1 Qh3+ 30. Kg1 Qh2+ 31. Kf1 Qh3+ 32. Kg1 Be6 33. Qg2 Qxg2+ 34. Kxg2 Bxa2 35. Rb7 f5 36. Rxe7+ Kf6 37. Ra7 Bc4 38. e5+ dxe5 39. Rb1 Bd5+ 40. f3 g4 41. Rb6+ Kg5 42. Rxh6 Kxh6 43. Ra5 Bxf3+ 44. Kf2 c4 45. Rxe5 Be4 46. c3 Kg5 47. Rc5 Bd3 48. Ke3 h5 49. Rc8 Kf6 50. Kf4 Ke6 51. Rc6+ Kd5 52. Rh6 Kc5 53. Rxh5 Kb5 54. Rxf5+ Bxf5 55. Kxf5 Ka4 56. Ke4 Ka3 57. Kd5 1-0

[Event "CZE-chT2D 1213"]
[Site "Czech Republic"]
[Date "2012.11.04"]
[Round "2.3"]
[White "Cerha, Michal"]
[Black "Nemec, Pavel"]
[Result "0-1"]
[WhiteElo "2082"]
[BlackElo "2211"]
[PlyCount "46"]
[EventDate "2012.10.14"]
[EventType "team-tourn"]
[EventRounds "11"]
[EventCountry "CZE"]
[SourceTitle "EXT 2016"]
[Source "ChessBase"]
[SourceDate "2015.10.08"]
[SourceVersion "1"]
[SourceVersionDate "2015.10.08"]
[SourceQuality "1"]
[WhiteTeam "Nachod"]
[BlackTeam "Chrudim"]
[WhiteTeamCountry "CZE"]
[BlackTeamCountry "CZE"]

1. e4 c5 2. Nf3 d6 3. d4 cxd4 4. Nxd4 Nf6 5. Nc3 a6 6. Be2 e5 7. Nb3 Be7 8. a4 Be6 9. 0-0 0-0 10. Be3 Nc6 11. a5 Bxb3 12. Bb6 Bxc2 13. Qxc2 Qd7 14. Rfd1 Rac8 15. Qb3 Bd8 16. Qa3 Bxb6 17. Rxd6 Bxf2+ 18. Kxf2 Qe7 19. Rdd1 Qxa3 20. Rxa3 Nd4 21. Ra4 Rxc3 22. bxc3 Nxe4+ 23. Ke3 Nxc3 0-1

[Event "CZE-chT2c 0506"]
[Site "Czech Republic"]
[Date "2005.12.04"]
[Round "4.7"]
[White "Kastner, Kamil"]
[Black "Cerha, Michal"]
[Result "0-1"]
[WhiteElo "2015"]
[BlackElo "2137"]
[PlyCount "70"]
[EventDate "2005.10.16"]
[EventType "team-tourn"]
[EventRounds "11"]
[EventCountry "CZE"]
[SourceTitle "EXT 2009"]
[Source "ChessBase"]
[SourceDate "2008.11.26"]
[SourceVersion "1"]
[SourceVersionDate "2008.11.26"]
[SourceQuality "1"]
[WhiteTeam "Synthesia II"]
[BlackTeam "Nachod"]
[WhiteTeamCountry "CZE"]
[BlackTeamCountry "CZE"]

1. e4 e5 2. Nf3 Nf6 3. Nc3 Nc6 4. d4 exd4 5. Nxd4 Bb4 6. Nxc6 bxc6 7. Bd3 0-0 8. 0-0 d5 9. e5 Ng4 10. h3 Nxe5 11. Bxh7+ Kxh7 12. Qh5+ Kg8 13. Qxe5 Bd6 14. Qh5 Qf6 15. Bd2 Bf5 16. Rac1 Qe5 17. g3 Be6 18. Qxe5 Bxe5 19. Kg2 Rab8 20. b3 d4 21. Na4 Bd6 22. c3 c5 23. cxd4 cxd4 24. Rfd1 Bd5+ 25. Kg1 Bf3 26. Re1 Rfe8 27. Rxe8+ Rxe8 28. Rc4 Re4 29. g4 Be5 30. a3 Re2 31. Ba5 Ra2 32. Rc1 Bf4 33. Re1 Rxa3 34. Bb4 Rxb3 35. Bc5 d3 0-1

[Event "CZE-chT2c 0506"]
[Site "Czech Republic"]
[Date "2005.11.20"]
[Round "3.6"]
[White "Cerha, Michal"]
[Black "Masek, Miroslav"]
[Result "0-1"]
[WhiteElo "2137"]
[BlackElo "2191"]
[PlyCount "72"]
[EventDate "2005.10.16"]
[EventType "team-tourn"]
[EventRounds "11"]
[EventCountry "CZE"]
[SourceTitle "EXT 2009"]
[Source "ChessBase"]
[SourceDate "2008.11.26"]
[SourceVersion "1"]
[SourceVersionDate "2008.11.26"]
[SourceQuality "1"]
[WhiteTeam "Nachod"]
[BlackTeam "Vrsovice"]
[WhiteTeamCountry "CZE"]
[BlackTeamCountry "CZE"]

1. e4 e6 2. d4 d5 3. Nd2 Nf6 4. e5 Nfd7 5. Bd3 c5 6. c3 Nc6 7. Ngf3 Qb6 8. 0-0 cxd4 9. cxd4 Nxd4 10. Nxd4 Qxd4 11. Nf3 Qb6 12. Qa4 Qb4 13. Qc2 Qc5 14. Qe2 Qb6 15. a3 a5 16. Bd2 Nb8 17. Ng5 Nc6 18. Rfe1 Be7 19. Nxh7 Qxb2 20. Rac1 Qd4 21. Ng5 Qh4 22. Nf3 Qh5 23. Bb5 Bd7 24. h3 g5 25. Rc3 Kf8 26. Bxc6 bxc6 27. Nd4 Qxe2 28. Nxe2 c5 29. Rb1 d4 30. Rg3 Bc6 31. Bxg5 Bxg5 32. Rxg5 Ke7 33. Rc1 d3 34. Nc3 Rab8 35. Rg3 c4 36. Kh2 Rb2 0-1

[Event "CZE-chT2c 0506"]
[Site "Czech Republic"]
[Date "2005.10.16"]
[Round "1.6"]
[White "Cerha, Michal"]
[Black "Smutny, Jan"]
[Result "1-0"]
[WhiteElo "2137"]
[BlackElo "2150"]
[PlyCount "61"]
[EventDate "2005.10.16"]
[EventType "team-tourn"]
[EventRounds "11"]
[EventCountry "CZE"]
[SourceTitle "EXT 2009"]
[Source "ChessBase"]
[SourceDate "2008.11.26"]
[SourceVersion "1"]
[SourceVersionDate "2008.11.26"]
[SourceQuality "1"]
[WhiteTeam "Nachod"]
[BlackTeam "AVE Kontakt"]
[WhiteTeamCountry "CZE"]
[BlackTeamCountry "CZE"]

1. e4 e5 2. Nf3 Nc6 3. Bc4 Bc5 4. d3 Nf6 5. c3 0-0 6. 0-0 Be7 7. b4 a6 8. Re1 b5 9. Bd5 Bb7 10. Bxc6 dxc6 11. Nxe5 Bxb4 12. cxb4 Qd4 13. Nf3 Qxa1 14. Qb3 Rad8 15. Bb2 Rxd3 16. Bxa1 Rxb3 17. axb3 Rd8 18. Bxf6 gxf6 19. Nc3 Rd3 20. Re3 Rd8 21. Kf1 Ra8 22. e5 f5 23. Nd4 a5 24. Nxf5 axb4 25. Ne4 Ra1+ 26. Ke2 Ra2+ 27. Kd1 Kf8 28. Rd3 f6 29. e6 Ra8 30. Rd7 c5 31. Rf7+ 1-0

[Event "Pardubice op-E"]
[Site "Pardubice"]
[Date "2005.??.??"]
[Round "6"]
[White "Zeinert, Michal"]
[Black "Cerha, Michal"]
[Result "1-0"]
[WhiteElo "2071"]
[BlackElo "2154"]
[PlyCount "65"]
[EventDate "2005.07.??"]
[EventType "swiss"]
[EventRounds "7"]
[EventCountry "CZE"]
[SourceTitle "EXT 2006"]
[Source "ChessBase"]
[SourceDate "2005.11.24"]
[SourceVersion "1"]
[SourceVersionDate "2005.11.24"]
[SourceQuality "1"]

1. c4 Nf6 2. Nc3 e5 3. g3 d5 4. cxd5 Nxd5 5. Bg2 Nxc3 6. bxc3 c6 7. Nf3 Bd6 8. d3 Nd7 9. 0-0 0-0 10. a4 a5 11. Nd2 f5 12. Nc4 Bc7 13. Ba3 Rf6 14. d4 e4 15. e3 Rb8 16. f3 b5 17. axb5 cxb5 18. fxe4 bxc4 19. exf5 Nb6 20. e4 Rh6 21. Bc1 Rxh2 22. Qg4 Rxg2+ 23. Kxg2 Nd5 24. exd5 Qxd5+ 25. Kh2 Bb7 26. Rg1 Rf8 27. Bh6 Qd7 28. Raf1 Rf6 29. Bg5 h5 30. Qh3 Rb6 31. Rf2 a4 32. Qxh5 Be4 33. Re1 1-0

[Event "Nachod op 8th"]
[Site "Nachod"]
[Date "2002.??.??"]
[Round "3"]
[White "Cerha, Michal"]
[Black "Cechura, Petr"]
[Result "1/2-1/2"]
[WhiteElo "2080"]
[BlackElo "2015"]
[PlyCount "94"]
[EventDate "2002.??.??"]
[EventType "swiss"]
[EventRounds "9"]
[EventCountry "CZE"]
[SourceTitle "EXT 2007"]
[Source "ChessBase"]
[SourceDate "2006.11.23"]
[SourceVersion "1"]
[SourceVersionDate "2006.11.23"]
[SourceQuality "1"]

1. c4 e5 2. Nc3 Nf6 3. g3 Nc6 4. Bg2 g6 5. e3 Bg7 6. d4 d6 7. Nge2 0-0 8. 0-0 Bg4 9. d5 Ne7 10. b4 Qd7 11. Re1 Bh3 12. Bh1 Nh5 13. Rb1 f5 14. c5 f4 15. exf4 exf4 16. Ne4 fxg3 17. hxg3 Kh8 18. Bb2 Qf5 19. Bxg7+ Nxg7 20. Nd4 Qxd5 21. Nxd6 Qxa2 22. Re2 Qg8 23. Rxe7 cxd6 24. cxd6 Rad8 25. Nb5 a6 26. Nc7 Qa2 27. Re2 Qf7 28. Qd4 Qf6 29. Qxf6 Rxf6 30. Bxb7 Rdxd6 31. Ra2 Rd7 32. Bc8 Rxc7 33. Bxh3 Ne8 34. Bf1 Rcc6 35. b5 axb5 36. Ra8 Rfe6 37. Rxb5 Kg7 38. Rb7+ Kh6 39. Kg2 Nf6 40. Ra4 Rb6 41. Rf7 Re5 42. Rh4+ Rh5 43. Rf4 Rf5 44. Rxf5 gxf5 45. Bd3 Kg6 46. Re7 Rd6 47. Re3 Kg5 1/2-1/2

[Event "Nachod op 8th"]
[Site "Nachod"]
[Date "2002.??.??"]
[Round "5"]
[White "Cerha, Michal"]
[Black "Rosko, Lubos"]
[Result "0-1"]
[WhiteElo "2080"]
[BlackElo "1955"]
[PlyCount "80"]
[EventDate "2002.??.??"]
[EventType "swiss"]
[EventRounds "9"]
[EventCountry "CZE"]
[SourceTitle "EXT 2007"]
[Source "ChessBase"]
[SourceDate "2006.11.23"]
[SourceVersion "1"]
[SourceVersionDate "2006.11.23"]
[SourceQuality "1"]

1. e4 c5 2. Nf3 d6 3. d4 cxd4 4. Nxd4 Nf6 5. Nc3 a6 6. Be2 e5 7. Nb3 Be7 8. 0-0 0-0 9. Be3 Be6 10. Bf3 Nbd7 11. Qe2 b5 12. Rfd1 Nb6 13. a4 Bc4 14. Qe1 Qc7 15. Nd2 Rab8 16. axb5 Bxb5 17. Be2 d5 18. Bxb6 Rxb6 19. Bxb5 axb5 20. exd5 b4 21. Na4 Ra6 22. c4 bxc3 23. Nxc3 Rxa1 24. Rxa1 Bb4 25. Rc1 Bxc3 26. Rxc3 Qb7 27. d6 Qxb2 28. Nc4 Qb5 29. h3 Nd5 30. Rc1 Nf4 31. Qd2 f6 32. d7 Rd8 33. Nd6 Qxd7 34. Qa2+ Qe6 35. Qxe6+ Nxe6 36. Ne4 Nf4 37. Rc7 Rd4 38. Ng3 Ne6 39. Rc8+ Rd8 40. Rc6 Kf7 0-1

[Event "Pardubice Czech op"]
[Site "Pardubice"]
[Date "1998.??.??"]
[Round "3"]
[White "Cerha, Michal"]
[Black "Gutman, Gennadi"]
[Result "0-1"]
[WhiteElo "2185"]
[BlackElo "2410"]
[PlyCount "44"]
[EventDate "1998.07.??"]
[EventType "swiss"]
[EventRounds "9"]
[EventCountry "CZE"]
[SourceTitle "EXT 1999"]
[Source "ChessBase"]
[SourceDate "1998.11.16"]
[SourceVersion "1"]
[SourceVersionDate "1998.11.16"]
[SourceQuality "1"]

1. d4 Nf6 2. Nf3 g6 3. c3 Bg7 4. e3 0-0 5. Bd3 d6 6. 0-0 Nbd7 7. Re1 e5 8. e4 b6 9. Bg5 h6 10. Bc1 Bb7 11. Nbd2 Re8 12. a4 d5 13. exd5 Nxd5 14. Nxe5 Nxe5 15. dxe5 Nxc3 16. Qc2 Nd5 17. e6 Qf6 18. exf7+ Qxf7 19. Rf1 Nb4 20. Qc4 Nxd3 21. Qxd3 Rad8 22. Qc2 Re2 0-1

[Event "Pardubice Czech op"]
[Site "Pardubice"]
[Date "1998.??.??"]
[Round "5"]
[White "Cerha, Michal"]
[Black "Svatos, Jan"]
[Result "1/2-1/2"]
[WhiteElo "2185"]
[BlackElo "2295"]
[PlyCount "95"]
[EventDate "1998.07.??"]
[EventType "swiss"]
[EventRounds "9"]
[EventCountry "CZE"]
[SourceTitle "EXT 2000"]
[Source "ChessBase"]
[SourceDate "1999.11.16"]
[SourceVersion "1"]
[SourceVersionDate "1999.11.16"]
[SourceQuality "1"]

1. d4 Nf6 2. c4 g6 3. Nf3 Bg7 4. Nc3 0-0 5. g3 c5 6. d5 e6 7. Bg2 exd5 8. Nxd5 Nxd5 9. Qxd5 d6 10. 0-0 Nc6 11. Bf4 Be6 12. Qxd6 Bxc4 13. Rfe1 Qa5 14. Bd2 Qa6 15. Qxc5 Bxb2 16. Rab1 Bg7 17. Rxb7 Rfc8 18. Rbb1 Qxa2 19. Be3 Nd4 20. Nxd4 Rxc5 21. Bxa8 Rc8 22. Ra1 Qxa1 23. Rxa1 Rxa8 24. Ra4 Bd5 25. f3 a5 26. Bd2 Bxd4+ 27. Rxd4 Bb3 28. Bc1 Rc8 29. Ba3 g5 30. Kf2 a4 31. h4 h6 32. hxg5 hxg5 33. Be7 Rc2 34. Rg4 Bc4 35. Rxg5+ Kh7 36. Rh5+ Kg6 37. Re5 Bb3 38. g4 f6 39. Re3 Ra2 40. Bc5 Rc2 41. Bd6 Bc4 42. Re7 Ra2 43. Re3 Bd5 44. Re7 Bb3 45. f4 f5 46. gxf5+ Kxf5 47. Kg3 Be6 48. Kf3 1/2-1/2